01574cam a22002771 4500001001300000003000400013005001700017008004100034010001700075035001900092040002600111050002300137051001400160110002900174245013800203260004800341300007400389410004600463500004200509504002900551505060200580650002101182650003901203650002101242700003301263gs 64000316 DLC20260227111415.0780805s1964 dcuabd b f000 0 eng  ags 64000316  a(OCoLC)4112608 aDLCcOClUdOCoLCdDLC00aQE75b.B9 no. 1160 aQE81b.U52 aGeological Survey (U.S.)10aStudies of pre-Selma Cretaceous core samples from the outcrop area in western Alabama;ca group of papers by W. H. Monroe [and othes] aWashington,bU.S. Govt. Print. Off.,c1964. aix, 108 p.billus., maps, diagrs. (1 fold. in pocket) tables.c24 cm.20aGeological Survey (U.S.)tBulletin,v1160 aChapters have individual title pages. aIncludes bibliographies.0 aA. General description of cores of pre-Selma Cretaceous strata in western Alabama, by W. H. Monroe--B. Petrology of pre-Selma strata from core holes in western Alabama, by R. E. Bergenback.--C. Pre-Selma larger invertebrate fossils from well core samples in western Alabama, by N. F. Sohl.--D. A microfauna from the Coker formation, Alabama, by E. R. Applin.--E. A preliminary report on the pollen and spores of the pre-Selma Upper Cretaceous strata of western Alabama, by E. B. Leopold and H. M. Pakiser.--F. General remarks on the pre-Selma Cretaceous strata of western Alabama, by L. C. Conant. 0aGeologyzAlabama 0aGeology, StratigraphicyCretaceous 0aBoringszAlabama1 aMonroe, Watson Hiner,d1907-